<?xml version="1.0" encoding="UTF-8"?><?xml-stylesheet type="text/xsl" href="static/style.xsl"?><OAI-PMH xmlns="http://www.openarchives.org/OAI/2.0/" xmlns:xsi="http://www.w3.org/2001/XMLSchema-instance" xsi:schemaLocation="http://www.openarchives.org/OAI/2.0/ http://www.openarchives.org/OAI/2.0/OAI-PMH.xsd"><responseDate>2026-04-14T07:26:13Z</responseDate><request verb="GetRecord" identifier="oai:www.recercat.cat:10459.1/465212" metadataPrefix="marc">https://recercat.cat/oai/request</request><GetRecord><record><header><identifier>oai:recercat.cat:10459.1/465212</identifier><datestamp>2025-09-15T18:41:51Z</datestamp><setSpec>com_2072_3622</setSpec><setSpec>col_2072_479130</setSpec></header><metadata><record xmlns="http://www.loc.gov/MARC21/slim" xmlns:dcterms="http://purl.org/dc/terms/" xmlns:xsi="http://www.w3.org/2001/XMLSchema-instance" xmlns:doc="http://www.lyncode.com/xoai" xsi:schemaLocation="http://www.loc.gov/MARC21/slim http://www.loc.gov/standards/marcxml/schema/MARC21slim.xsd">
   <leader>00925njm 22002777a 4500</leader>
   <datafield ind2=" " ind1=" " tag="042">
      <subfield code="a">dc</subfield>
   </datafield>
   <datafield ind2=" " ind1=" " tag="720">
      <subfield code="a">Hernández-González, Vicenç</subfield>
      <subfield code="e">author</subfield>
   </datafield>
   <datafield ind2=" " ind1=" " tag="720">
      <subfield code="a">Conesa Milian, Enric</subfield>
      <subfield code="e">author</subfield>
   </datafield>
   <datafield ind2=" " ind1=" " tag="720">
      <subfield code="a">Jové Deltell, M. Carmen</subfield>
      <subfield code="e">author</subfield>
   </datafield>
   <datafield ind2=" " ind1=" " tag="720">
      <subfield code="a">Pano-Rodriguez, Alvaro</subfield>
      <subfield code="e">author</subfield>
   </datafield>
   <datafield ind2=" " ind1=" " tag="720">
      <subfield code="a">Legaz Arrese, Alejandro</subfield>
      <subfield code="e">author</subfield>
   </datafield>
   <datafield ind2=" " ind1=" " tag="720">
      <subfield code="a">Reverter Masià, Joaquín</subfield>
      <subfield code="e">author</subfield>
   </datafield>
   <datafield ind2=" " ind1=" " tag="260">
      <subfield code="c">2024</subfield>
   </datafield>
   <datafield ind2=" " ind1=" " tag="520">
      <subfield code="a">Background: Cardiac troponin (cTn) is a reliable marker for evaluating myocardial damage. cTn is a very specific protein involved in myocardial injury, and it is a key factor in the diagnosis of coronary syndromes. Bibliometric analysis was applied in the present work, with the main goal of evaluating global research on the topic of cardiac troponin in pediatric populations.
Methods: Publications about cardiac troponin and physical activity in pediatric populations were retrieved from the Social Sciences Citation Index (SSCI) and the Science Citation Index Expanded (SCIE) of the Web of Science Core Collection, and they were then analyzed. The study was able to identify the key bibliometric indicators, such as publications, keywords, authors, countries, institutions, and journals. For the analysis, VOSviewer, R-based Bibliometrix (4.2.2), and MapChart were used.
Results: Initially, 98 documents were identified; however, once inclusion and exclusion criteria were applied, the number of documents decreased to 88. The search yielded 79 original research articles and 9 reviews, almost all of which were published in the past 2 decades. The total number of citations (Nc) of the retrieved publications was 1,468, and the average number of citations per article (Na) was 16.68. In general, 508 authors were found to have participated in research about troponin; they were associated with 256 institutions, and their work was published in 65 different journals from around the world. The authors hailed from 30 countries and/or regions. The year 2022 was the most productive year for the publication of the selected documents. The bibliometric analysis provided information regarding levels of cooperation among authors and institutions. In fact, China, the United States, and England were the most productive nations, and the journal with the greatest number of publications on the topic was Pediatric Cardiology.
Summary: The number of publications and the trend line show that research on this topic has not yet reached a stage of maturity. There are referent investigators, countries, and institutions that have laid the foundations for subsequent studies on the analyzed topic.</subfield>
   </datafield>
   <datafield ind2=" " ind1=" " tag="520">
      <subfield code="a">This research was funded by the State Program for Research, Development and InnovationOriented to the Challenges of Society, within the framework of the State Plan for R+D+I 2020– 2024. The title of the project is: “Evaluación de diversos parámetros de salud y niveles de actividad física enla escuela primaria y secundaria”, grant number PID2020-117932RB-I00. The consolidated research group is the Human Movement Generalitat de Catalunya, 021 SGR 01619.</subfield>
   </datafield>
   <datafield tag="653" ind2=" " ind1=" ">
      <subfield code="a">Cardiac troponin</subfield>
   </datafield>
   <datafield tag="653" ind2=" " ind1=" ">
      <subfield code="a">Pediatric</subfield>
   </datafield>
   <datafield tag="653" ind2=" " ind1=" ">
      <subfield code="a">Bibliometrics</subfield>
   </datafield>
   <datafield tag="653" ind2=" " ind1=" ">
      <subfield code="a">Productivity</subfield>
   </datafield>
   <datafield tag="653" ind2=" " ind1=" ">
      <subfield code="a">Network analysis</subfield>
   </datafield>
   <datafield tag="653" ind2=" " ind1=" ">
      <subfield code="a">Web of Science</subfield>
   </datafield>
   <datafield tag="653" ind2=" " ind1=" ">
      <subfield code="a">Sports science</subfield>
   </datafield>
   <datafield ind2="0" ind1="0" tag="245">
      <subfield code="a">Global research trends on cardiac troponin and physical activity among pediatric populations: a bibliometric analysis and science mapping study</subfield>
   </datafield>
</record></metadata></record></GetRecord></OAI-PMH>